000 00865cam a2200229 a 4500
020 _a007241409X
040 _cDLC
082 0 0 _a305 MCG 2002 A013 Or.
100 1 _aPapalia, Diane E.
245 1 2 _aA child's world :
_binfancy through adolescence /
250 _a9th ed.
260 _aBoston :
_bMcGraw-Hill,
_cc2002.
300 _a1 v. (various pagings) :
_bcol. ill. ;
_c29 cm.
_e+ 1 computer optical disc (4 3/4 in.)
500 _aThe accompanying "Making the A+ grade" CD-ROM gives students an opportunity to test their comprehension of the course material.
500 _aA variety of multi-media instructional aids, including websites, is available to supplement the text.
650 0 _aChild development.
650 0 _aChild psychology.
650 0 _aAdolescence.
700 1 _aOlds, Sally Wendkos.
700 1 _aFeldman, Ruth Duskin.
942 _cEK
999 _c13123
_d13123